LEADER 01012naa a2200229 u 4500 001 000000093973 003 CaOOAMICUS 005 20070226130136.0 008 010723m19851988fr u000 u eng u 035 $a10898205 040 $aPUL(R)$bita 100 1 $aMann, Frederick Alexander,$d1907-$0(OLS)http://pul/name/60210 245 14$aThe doctrine of international jurisdiction revisited afetr twenty years /$cby F.A. Mann. 260 $a[S. l. :$bs. n.],$c1985-1988. 300 $aP. [1-115] 504 $aBibliografia in nota. 650 4$aDiritto internazionale penale.$0(OLS)http://pul/subject/25948 650 4$aDiritto internazionale$xStoria.$0(OLS)http://pul/subject/14851 773 0 $tRecueil des cours$gv.III (1984) 773 0 $tRecueil des cours 1984 : collected courses of The Hague Academy of International Law$w()60437 996 $6245$aThe doctrine of international jurisdiction revisited afetr twenty years$9(OLS)http://pul/title/120830 996 $6260$a[S. l. :$bs. n.]$9(OLS)http://pul/publisher/47882 LEADER 01265nam a2200301 u 4500 001 000000053352 003 CaOOAMICUS 005 20070226115542.0 008 001114s1961 it u000 u ita u 035 $a10861152 040 $aPUL(R)$bita 041 1 $aita$hger 100 1 $aPohlenz, Max,$d1872-1962.$0(OLS)http://pul/name/10267 240 10$aGriechischen Tragödie.$lItaliano.$0(OLS)http://pul/title/71582 245 13$aLa tragedia greca /$cMax Pohlenz ; traduzione italiana di Maria Bellincioni. 260 $aBrescia :$bPaideia,$c1961. 300 $a2 v. ;$c25 cm 500 $aContiene indici. 650 4$aTragedia greca.$0(OLS)http://pul/subject/16652 700 1 $aBellincioni, Maria.$0(OLS)http://pul/name/6839 850 $aPUL 852 $aPUL$W1$xDP1 Fondo Giannini$y60$m1553 E 21-22$j70413$nBK-PRI$b $qFondi$B70413$CPULBib$Z2$F70413 $H $81 852 $aPUL$W1$xDP1 Fondo Giannini$y60$m1553 E 21-22$j70413$nBK-PRI$b $qFondi$B70414$CPULBib$Z2$F70414 $H $81 941 1 $a1 961 $aINV: F. Giannini 961 $aINV: F. Giannini 996 $6245$aLa tragedia greca$9(OLS)http://pul/title/71583 996 $6260$aBrescia :$bPaideia$9(OLS)http://pul/publisher/47884 LEADER 01278nam a2200289 u 4500 001 000000116237 003 CaOOAMICUS 005 20090616125847.0 008 090616s2009 it u000 u ita r 020 $z978-88-13-29620-9* 040 $aPUL$bita$dLDB 100 1 $aCagnasso, Oreste,$d1947-$0(OLS)http://pul/name/12367 245 10$aContratti commerciali /$cOreste Cagnasso, Gastone Cottino ; con la collaborazione di Angelo Bertolotti, Mia Callegari, Marina Spiotta. 250 $a2. ed. 260 $aPadova :$bCEDAM,$cc2009. 300 $axii, 688 p. ;$c24 cm. 490 1 $aTrattato di diritto commerciale ;$v09 504 $aBibliografia in nota. 650 4$aContratti commerciali.$0(OLS)http://pul/subject/35497 700 1 $aCottino, Gastone,$d1925-2024.$0(OLS)http://pul/name/34660 830 0$aTrattato di diritto commerciale ;$v09.$0(OLS)http://pul/title/144488 850 $aPUL 852 $aPUL$W1$xSL Diritto e Scienze Sociali 3$y79$m346. 45 CAGOR 1$j133185$qDDC 21$B132210$CPULBib$Z2$F132210 $H110660 $82 941 1 $a9 996 $6020$z978-88-13-29620-9*$9(OLS)http://pul/number/141154 996 $6245$aContratti commerciali$9(OLS)http://pul/title/146077 996 $6260$aPadova :$bCEDAM$9(OLS)http://pul/publisher/48126